Great economists before keynes : An introduction to the lives & works of one hundred great economists of the past

Gardado en:
Detalles Bibliográficos
Autor Principal: Blaug, Mark
Formato: Libro
Idioma:Undetermined
Publicado: Atlantic Highlands Humanities Press International 1986
Những chủ đề:
Các nhãn: Engadir etiqueta
Sen Etiquetas, Sexa o primeiro en etiquetar este rexistro!
Thư viện lưu trữ: Trung tâm Học liệu Trường Đại học Cần Thơ
LEADER 00616nam a2200205Ia 4500
001 CTU_80615
008 210402s9999 xx 000 0 und d
082 |a 330.092 
082 |b B645 
100 |a Blaug, Mark 
245 0 |a Great economists before keynes : 
245 3 |b An introduction to the lives & works of one hundred great economists of the past 
245 0 |c Mark Blaug 
260 |a Atlantic Highlands 
260 |b Humanities Press International 
260 |c 1986 
650 |a Economists 
650 |x Biography 
904 |i Trọng Hải 
980 |a Trung tâm Học liệu Trường Đại học Cần Thơ